|
|
|
|
| LEADER |
00934nam a22002297a 4500 |
| 001 |
4123 |
| 003 |
BD-DhAAL |
| 005 |
20220104112912.0 |
| 008 |
160321s 1977bg a|||| |||| 00| 0 mul d |
| 999 |
|
|
|c 37192
|d 37192
|
| 040 |
|
|
|a BD-DhAAL
|c BD-DhAAL
|
| 082 |
|
|
|a 546
|
| 100 |
|
|
|a আলী, মোহাম্মদ ওয়াজেদ
|9 18711
|
| 245 |
|
|
|a আধুনিক অজৈব রসায়ন /
|c মোহাম্মদ ওয়াজেদ আলী,
|
| 260 |
|
|
|a ঢাকা :
|b বাংলা একাডেমী,
|c ১৯৭৭
|
| 300 |
|
|
|a ৭৫৮ পৃ. :
|b চিত্র ;
|c ২২ সে.মি.
|
| 541 |
|
|
|e 4123
|
| 650 |
|
|
|a Chemistry, Inorganic.
|9 18712
|
| 650 |
|
|
|a Pharmacy.
|9 44164
|
| 852 |
|
|
|a Savar Campus Library
|c General Shelf
|
| 942 |
|
|
|2 ddc
|c BK
|
| 952 |
|
|
|0 0
|1 0
|2 ddc
|4 0
|6 546_000000000000000_ALI
|7 0
|9 58470
|a SCL
|b SCL
|c GEN
|d 2016-03-21
|g 52.00
|l 0
|o 546 ALI
|p 3020004123
|r 2016-03-21
|t 1
|w 2016-03-21
|y BK
|